000 01190nam a2200337 i 4500
003 EG-GICUC
005 20260216202013.0
008 260216s1976 ua |||fr|||| 00| 0 ara d
017 _a82/5/1976
020 _a977306365
040 _a EG-GICUC
_bara
_c EG-GICUC
_d EG-GICUC
_erda
041 0 _aAra
082 0 4 _221
_a343.6
_bم ح . ج
092 0 4 _221
099 _aLaw1 10 343.6 م ح . ج 1976
100 0 _aمحمد أبو زهرة
_eمؤلف.
245 1 2 _aالجريمة :
_bالجريمة والعقوبة فى الفقه الإسلامى /
_cتأليف الإمام محمد أبو زهرة.
264 1 _aالقاهرة :
_bدار الفكر العربى،
_c1976.
264 3 _bدار الثقافة العربية للطباعة
300 _a580 ؛صفحة
_c24 سم.
336 _2rda content
_atext
337 _2rda media
_aComputer
338 _2rda carrier
_aOnline Resource
546 _aالنص باللغة العربية
650 1 _aعلم الإجرام
_2qrmak
650 1 _aالقانون الجنائى
_2qrmak
651 1 _2qrmak
856 4 0 _uhttps://fll.law.cu.edu.eg/fulltext/bks/B10-08347.pdf
905 _a54
942 _2ddc
_cBK
_e21
_n0
999 _c63218
_d63218